000 00354nam a2200133Ia 4500
005 20260328104309.0
008 260328s9999||||xx |||||||||||||| ||und||
100 _aHoney, Martha
245 0 _aEcotourism and Certification :
_b Setting Standards In Practice /
_cMartha Honey
260 _bIsland
300 _a407 p.
650 _aECOTURISMO
942 _cBK
999 _c10901
_d10901